McGRAW-Hill dictionary of geology and mineralogy

Bibliographic Details
Other Authors: Parker
Format: Book
Published: New York : McGraw-Hill , 1997
Subjects:

MARC

LEADER 00000cam a2200000 7i4500
001 0000000459
005 20020304.0
020 0 0 |a 0070524327 
090 0 0 |a R550.3   |b MACG 1997 
245 0 0 |a McGRAW-Hill dictionary of geology and mineralogy   |c Sybil P. Parker, editor in chief 
260 0 0 |a New York :   |b McGraw-Hill ,   |c 1997 
300 |a xi, 346 p. ;   |c 22 cm. 
500 0 0 |a "All texts in this dictionary was published previously in theMcGraw-Hill dictionary of scientific and technical terms, fifth edition, 1994" 
650 0 0 |a Geology   |x Dictionaries 
650 0 0 |a Mineralogy   |x Dictionaries 
700 0 1 |a Parker   |h Sybil P. 
998 |a JPSM 
999 |a 0000001563   |b Monograph   |c Reference   |e Default branch